[Event "Politiken Cup 2011"]
[Site "Helsingor"]
[Date "2011.07.30"]
[Round "1.98"]
[White "Andersson, Christin"]
[Black "Amarapala, Sherington"]
[Result "1-0"]
[WhiteElo "2134"]
[BlackElo "1709"]
[PlyCount "47"]
[EventDate "2011.??.??"]
[WhiteTeam "SK Bara Bønder"]
[BlackTeam "Lorenskog"]

1. e4 e5 2. Nf3 Nc6 3. d4 exd4 4. Nxd4 Bc5 5. Be3 Qf6 6. c3 Nge7 7. Be2 Bb6 8.
O-O d6 9. Na3 Qg6 10. f3 Ne5 11. Kh1 h5 12. Ndb5 Bxe3 13. Nxc7+ Kf8 14. Nxa8
Bf4 15. Nc7 f5 16. Nd5 Nxd5 17. Qxd5 Ng4 18. fxg4 hxg4 19. Rxf4 Qh6 20. Rxf5+
Bxf5 21. Qxf5+ Ke7 22. h3 g3 23. Bg4 a6 24. Qd7+ 1-0

[Event "Politiken Cup 2011"]
[Site "Helsingor"]
[Date "2011.07.30"]
[Round "1.99"]
[White "Svane, Frederik"]
[Black "Pedersen, Nicolai Kvist Brond"]
[Result "1/2-1/2"]
[WhiteElo "1699"]
[BlackElo "2130"]
[PlyCount "90"]
[EventDate "2011.??.??"]
[WhiteTeam "Lübecker Schackverein"]
[BlackTeam "BMS"]

1. e4 c6 2. d4 d5 3. e5 Bf5 4. Nf3 e6 5. Be2 Nd7 6. Be3 Ne7 7. O-O Bg6 8. Bg5
Qc7 9. Nbd2 Nf5 10. c3 h5 11. h4 a6 12. Ne1 c5 13. Ndf3 c4 14. a4 Rb8 15. Qd2
a5 16. g3 Be7 17. Ng2 Bxg5 18. Nxg5 Ne7 19. Nf4 b5 20. Qd1 Qc6 21. Nxh5 Bxh5
22. Bxh5 g6 23. Bg4 bxa4 24. Qxa4 Rxb2 25. Qxa5 O-O 26. Rfb1 Rxb1+ 27. Rxb1 Ra8
28. Qb4 Nc8 29. Qb7 Qa4 30. Nxe6 Rb8 31. Qxb8 Nxb8 32. Rxb8 Qd7 33. Nf4 Qxg4
34. Nxd5 Kg7 35. Nf6 Qe6 36. f4 Qc6 37. d5 Qc5+ 38. Kg2 Ne7 39. d6 Qc6+ 40. Kh3
Nf5 41. Rg8+ Kh6 42. Rh8+ Kg7 43. Rg8+ Kh6 44. Rh8+ Kg7 45. Rg8+ Kh6 1/2-1/2

[Event "Politiken Cup 2011"]
[Site "Helsingor"]
[Date "2011.07.30"]
[Round "1.102"]
[White "Skjoldager, Per"]
[Black "Clausen, Hansjorgen"]
[Result "1/2-1/2"]
[WhiteElo "2126"]
[BlackElo "1675"]
[PlyCount "92"]
[EventDate "2011.??.??"]
[WhiteTeam "Evans"]
[BlackTeam "Gråsten"]

1. e4 b6 2. Bc4 e6 3. d4 Bb7 4. Nc3 Bb4 5. f3 Nf6 6. e5 Nd5 7. Nge2 Nxc3 8.
bxc3 Be7 9. O-O d6 10. Bf4 Bg5 11. Qd2 Bxf4 12. Qxf4 O-O 13. Bd3 h6 14. h4 Ba6
15. c4 d5 16. c5 Bxd3 17. cxd3 Qe7 18. Rfc1 Na6 19. Ng3 f6 20. cxb6 cxb6 21.
exf6 Qxf6 22. Qxf6 gxf6 23. Rc6 Kf7 24. a3 Rac8 25. Rac1 Rxc6 26. Rxc6 Re8 27.
Ne2 Re7 28. Kf2 Rc7 29. Rxc7+ Nxc7 30. Nc3 a6 31. Ke3 b5 32. g4 Ne8 33. Ne2 Nd6
34. Nf4 a5 35. Kd2 Nc8 36. Ne2 Ne7 37. Nc1 Nc6 38. Ke3 Kg6 39. Ne2 b4 40. axb4
Nxb4 41. Kd2 Kf7 42. Kc3 Kg6 43. Nc1 Nc6 44. Ne2 Nb4 45. Nf4+ Kf7 46. Ne2 Kg6
1/2-1/2

[Event "Politiken Cup 2011"]
[Site "Helsingor"]
[Date "2011.07.30"]
[Round "1.103"]
[White "Jorgensen, Orla Eilegaard"]
[Black "Brastein, Lars"]
[Result "1/2-1/2"]
[WhiteElo "1673"]
[BlackElo "2115"]
[PlyCount "87"]
[EventDate "2011.??.??"]
[WhiteTeam "Allerød"]
[BlackTeam "Sandness"]

1. e4 e6 2. d4 d5 3. e5 c5 4. c3 Nc6 5. Nf3 Nge7 6. Bg5 Qb6 7. Qd2 cxd4 8. cxd4
Nf5 9. Be3 Bd7 10. a3 Na5 11. Ra2 Rc8 12. Nc3 h5 13. Bd3 Nc4 14. Bxc4 Rxc4 15.
O-O Be7 16. Rc1 O-O 17. Qd1 g6 18. b3 Rc7 19. b4 Rfc8 20. Rac2 Qa6 21. Nxd5
Rxc2 22. Nxe7+ Nxe7 23. Rxc2 Qxa3 24. Rxc8+ Bxc8 25. Bd2 Bd7 26. h3 Qd3 27. Qc1
Bc6 28. Bh6 Nf5 29. Be3 Bxf3 30. gxf3 Nxd4 31. Qc8+ Kg7 32. Bh6+ Kh7 33. Qf8
Nxf3+ 34. Kg2 Nh4+ 35. Kh2 Nf5 36. Be3 Qd7 37. Bg5 Qd4 38. Qxf7+ Ng7 39. Kg1
Qd1+ 40. Kg2 Qd5+ 41. Kg1 Qd1+ 42. Kg2 Qd5+ 43. Kg1 Qd1+ 44. Kg2 1/2-1/2

[Event "Politiken Cup 2011"]
[Site "Helsingor"]
[Date "2011.07.30"]
[Round "1.104"]
[White "Christian+sen, Jens Jorgen"]
[Black "Bratteteig, Tore-Inge"]
[Result "1-0"]
[WhiteElo "2115"]
[BlackElo "1671"]
[PlyCount "109"]
[EventDate "2011.??.??"]
[WhiteTeam "Nørresundby"]
[BlackTeam "Masfjorden"]

1. d4 f5 2. g3 Nf6 3. Bg2 e6 4. Nh3 Be7 5. c4 d6 6. Nc3 O-O 7. O-O Qe8 8. Qc2
a5 9. Nf4 Nc6 10. Nb5 Bd8 11. e3 g5 12. Nd3 e5 13. d5 Nb4 14. Nxb4 axb4 15. Qb3
b6 16. Qxb4 Qh5 17. f4 e4 18. Nd4 Ng4 19. h3 Nh6 20. Qe1 gxf4 21. gxf4 Bh4 22.
Qe2 Qg6 23. Bd2 Bd7 24. Be1 Be7 25. Kh2 Kh8 26. Bc3 Bf6 27. Kh1 Rg8 28. Rf2 Rg7
29. Kg1 Rag8 30. Kf1 Qf7 31. Ke1 Rg3 32. Kd2 Qg7 33. Bf1 Qf7 34. Rd1 R8g7 35.
Kc1 Kg8 36. Rg2 Rxg2 37. Bxg2 Qg6 38. Bf1 Kf8 39. a3 Nf7 40. Qd2 Nd8 41. Kb1
Rg8 42. Ka2 Nb7 43. Nb5 Bxb5 44. cxb5 Bxc3 45. Qxc3 Qg7 46. Rc1 Qxc3 47. Rxc3
Rg7 48. h4 Ke8 49. Bh3 Rf7 50. b4 Kf8 51. Rc2 h6 52. Kb3 Kg7 53. a4 Kf6 54. Rg2
Rf8 55. h5 1-0

[Event "Politiken Cup 2011"]
[Site "Helsingor"]
[Date "2011.07.30"]
[Round "1.75"]
[White "Jacobsen, Per"]
[Black "Brondum, Eric"]
[Result "0-1"]
[WhiteElo "1670"]
[BlackElo "2112"]
[PlyCount "28"]
[EventDate "2011.??.??"]
[WhiteTeam "Ålborg"]
[BlackTeam "K41"]

1. b3 e5 2. Bb2 Nc6 3. e3 Nf6 4. Bb5 Bd6 5. Nf3 e4 6. Bxc6 dxc6 7. Nd4 Bd7 8.
O-O c5 9. Ne2 Bxh2+ 10. Kh1 Bd6 11. Nf4 Ng4 12. g3 Qg5 13. Ng2 Qh5+ 14. Nh4
Nxf2+ 0-1

[Event "Politiken Cup 2011"]
[Site "Helsingor"]
[Date "2011.07.30"]
[Round "1.105"]
[White "Bratholm, Palle"]
[Black "Skovle, Lars"]
[Result "1-0"]
[WhiteElo "2111"]
[BlackElo "1656"]
[PlyCount "87"]
[EventDate "2011.??.??"]
[WhiteTeam "Sjælsø"]
[BlackTeam "Helsinge"]

1. e4 Nf6 2. e5 Nd5 3. d4 d6 4. Nf3 Bg4 5. Be2 e6 6. c4 Nb6 7. h3 Bh5 8. Nc3
Be7 9. O-O O-O 10. b3 N8d7 11. Bf4 f6 12. exd6 cxd6 13. Ne4 e5 14. Be3 Qc7 15.
Rc1 Rfd8 16. c5 dxc5 17. dxc5 Nc8 18. Qc2 Nf8 19. b4 a6 20. Nfg5 Bg6 21. Qb3+
Kh8 22. Nf7+ Bxf7 23. Qxf7 Ng6 24. Rfd1 Rf8 25. Qe6 Na7 26. Nd6 Bxd6 27. cxd6
Qd8 28. Rc7 Nb5 29. Rxb7 Nc3 30. Rd2 Nxe2+ 31. Rxe2 Qc8 32. Qd5 Rb8 33. Rc7 Qd8
34. a3 Rc8 35. Rec2 Rxc7 36. Rxc7 h6 37. Qc6 Qa8 38. Qd7 Rg8 39. Bxh6 Qf8 40.
Be3 f5 41. Bg5 e4 42. Qe6 Kh7 43. d7 Qb8 44. Rc8 1-0

[Event "Politiken Cup 2011"]
[Site "Helsingor"]
[Date "2011.07.30"]
[Round "1.106"]
[White "Larsen, Poul M"]
[Black "Lilja, Richard"]
[Result "0-1"]
[WhiteElo "1653"]
[BlackElo "2111"]
[PlyCount "54"]
[EventDate "2011.??.??"]
[WhiteTeam "Haslev"]
[BlackTeam "Skørping"]

1. Nf3 Nf6 2. c4 g6 3. d4 Bg7 4. Nc3 O-O 5. Bf4 d6 6. e3 h6 7. Bd3 Qe8 8. Qc2
a5 9. Ne4 Nh5 10. O-O-O e5 11. dxe5 dxe5 12. Bg3 f5 13. h3 Na6 14. a3 fxe4 15.
Bxe4 Bf5 16. Bd5+ Kh7 17. e4 Nxg3 18. fxg3 Bc8 19. c5 c6 20. Bb3 Be6 21. Bxe6
Qxe6 22. Rd6 Qe7 23. Nh4 Rf6 24. Rhd1 Rxd6 25. Rxd6 Rf8 26. Nxg6 Rf1+ 27. Rd1
Rxd1+ 0-1

[Event "Politiken Cup 2011"]
[Site "Helsingor"]
[Date "2011.07.30"]
[Round "1.107"]
[White "Jensen, Michael Agermose"]
[Black "Andersen, Troels Baekgaard"]
[Result "1-0"]
[WhiteElo "2109"]
[BlackElo "1620"]
[PlyCount "63"]
[EventDate "2011.??.??"]
[WhiteTeam "Frem"]
[BlackTeam "Skovbo"]

1. e4 c5 2. d4 cxd4 3. c3 dxc3 4. Nxc3 d6 5. Bc4 Nf6 6. e5 Nfd7 7. Bxf7+ Kxf7
8. e6+ Ke8 9. exd7+ Bxd7 10. Nf3 Nc6 11. O-O g6 12. Re1 Qb8 13. Bf4 Kd8 14. Ng5
Kc8 15. Nf7 Rg8 16. Qd5 Rg7 17. Nb5 a6 18. Nbxd6+ exd6 19. Rac1 a5 20. Bxd6
Bxd6 21. Nxd6+ Kc7 22. Qe5 Rg8 23. Ne8+ Kc8 24. Nd6+ Kc7 25. Nf5+ Kb6 26. Qc5+
Ka6 27. Nd6 b6 28. Qb5+ Ka7 29. Rxc6 Bxc6 30. Re7+ Bb7 31. Qc6 Qxd6 32. Qxb7#
1-0

[Event "Politiken Cup 2011"]
[Site "Helsingor"]
[Date "2011.07.30"]
[Round "1.108"]
[White "Nielsen, Bjørn"]
[Black "Ramme, Christoph"]
[Result "0-1"]
[WhiteElo "1619"]
[BlackElo "2108"]
[PlyCount "78"]
[EventDate "2011.??.??"]
[WhiteTeam "KS"]
[BlackTeam "SK Marmstorf"]

1. e4 c5 2. Nf3 d6 3. d4 cxd4 4. Nxd4 Nf6 5. Nc3 g6 6. Bb5+ Bd7 7. Bxd7+ Nbxd7
8. O-O Bg7 9. Nf3 O-O 10. Re1 Rc8 11. Rb1 a6 12. Nd5 b5 13. Nb4 a5 14. Nd3 b4
15. b3 Qc7 16. a4 Qxc2 17. Qxc2 Rxc2 18. e5 dxe5 19. Ndxe5 Nxe5 20. Nxe5 Rc5
21. Nc4 Nd5 22. Bb2 e6 23. Bxg7 Kxg7 24. f3 Nc3 25. Rb2 Rd8 26. Rd2 Rxd2 27.
Nxd2 Kf6 28. Nc4 Nxa4 29. Re4 Nc3 30. Nd6 Ke7 31. Nb7 Nxe4 32. fxe4 Rb5 33.
Nxa5 Rxa5 34. Kf2 Kd6 35. Ke3 Ra3 36. Kd4 Rxb3 37. e5+ Kc6 38. Kc4 Rb2 39. h4
h5 0-1

[Event "Politiken Cup 2011"]
[Site "Helsingor"]
[Date "2011.07.30"]
[Round "1.109"]
[White "Gershenov, Ben"]
[Black "Larsen, Henrik Falk"]
[Result "1-0"]
[WhiteElo "2106"]
[BlackElo "1619"]
[PlyCount "37"]
[EventDate "2011.??.??"]
[WhiteTeam "Marshall"]
[BlackTeam "Enkeltmedlem"]

1. Nf3 d5 2. d4 e6 3. c4 dxc4 4. e3 Nf6 5. Bxc4 a6 6. O-O Be7 7. Bb3 O-O 8. Qe2
Bd7 9. Nc3 c5 10. Rd1 cxd4 11. Nxd4 Qe8 12. e4 Nc6 13. e5 Nxd4 14. Rxd4 Nd5 15.
Bxd5 exd5 16. Nxd5 Bb5 17. Qg4 Bd7 18. Qg3 Bc5 19. Nf6+ 1-0

[Event "Politiken Cup 2011"]
[Site "Helsingor"]
[Date "2011.07.30"]
[Round "1.110"]
[White "Wadtland, Flemming"]
[Black "Poulsen, Iver"]
[Result "0-1"]
[WhiteElo "1605"]
[BlackElo "2102"]
[PlyCount "68"]
[EventDate "2011.??.??"]
[WhiteTeam "Taastrup"]
[BlackTeam "Esbjerg"]

1. c4 e6 2. Nf3 d5 3. d4 c6 4. g3 dxc4 5. Bg2 b5 6. Bd2 Nf6 7. Qc2 Bb7 8. O-O
Nbd7 9. a3 Be7 10. Bf4 O-O 11. h4 Re8 12. Rd1 Nd5 13. Bd2 Qb6 14. e4 N5f6 15.
Nc3 Nf8 16. Be3 Ng4 17. Bg5 Nf6 18. Ne2 c5 19. dxc5 Bxc5 20. Nc3 Ng4 21. Qe2
Nxf2 22. Rf1 Nxe4+ 23. Kh2 Nxc3 24. bxc3 f6 25. Bc1 Rad8 26. Ra2 Qc7 27. Rd1 e5
28. Rad2 Rxd2 29. Rxd2 Bc6 30. Rd1 a6 31. a4 Bd6 32. axb5 axb5 33. Qe1 Rd8 34.
Bf1 Bxf3 0-1

[Event "Politiken Cup 2011"]
[Site "Helsingor"]
[Date "2011.07.30"]
[Round "1.111"]
[White "Hansen, Morten Moller"]
[Black "Rasmussen, Jonas H"]
[Result "1-0"]
[WhiteElo "2097"]
[BlackElo "1598"]
[PlyCount "113"]
[EventDate "2011.??.??"]
[WhiteTeam "Damhus"]
[BlackTeam "Bergen"]

1. d4 Nf6 2. c4 e6 3. Nc3 Bb4 4. Qb3 Bxc3+ 5. Qxc3 O-O 6. g3 d6 7. Bg2 Nbd7 8.
e4 e5 9. d5 Nc5 10. Qc2 a5 11. Ne2 h6 12. Be3 b6 13. h3 Bd7 14. O-O Qc8 15. g4
c6 16. dxc6 Bxc6 17. Nc3 Qb7 18. f3 Rfd8 19. a4 Ne8 20. f4 exf4 21. Rxf4 Nf6
22. Nd5 Bxd5 23. exd5 Re8 24. Bd4 Ncd7 25. h4 Ne5 26. g5 hxg5 27. hxg5 Nh7 28.
Bxe5 Rxe5 29. g6 Nf6 30. Raf1 Qc7 31. gxf7+ Qxf7 32. Bh3 Qh5 33. Be6+ Kh8 34.
Qh2 Rg5+ 35. Kh1 Ra7 36. Rh4 Qxh4 37. Qxh4+ Rh5 38. Qxh5+ Nxh5 39. Rf8+ Kh7 40.
Rd8 Rc7 41. b3 Ng3+ 42. Kg2 Ne2 43. Rxd6 Rb7 44. Bf5+ Kg8 45. Bc8 Rc7 46. Be6+
Kf8 47. Rxb6 Nd4 48. d6 Nxe6 49. dxc7 Nxc7 50. Rc6 Ne8 51. Rc5 Ke7 52. Rxa5 Kd6
53. Ra8 Nc7 54. Ra7 Ne6 55. Ra6+ Kd7 56. Rxe6 Kxe6 57. Kg3 1-0

[Event "Politiken Cup 2011"]
[Site "Helsingor"]
[Date "2011.07.30"]
[Round "1.112"]
[White "Haukenes, Alise"]
[Black "Skou, Niels"]
[Result "0-1"]
[WhiteElo "1595"]
[BlackElo "2093"]
[PlyCount "68"]
[EventDate "2011.??.??"]
[WhiteTeam "Hamar"]
[BlackTeam "Evans"]

1. d4 Nf6 2. c4 g6 3. Nf3 Bg7 4. g3 d5 5. Bg2 c6 6. Nc3 O-O 7. O-O dxc4 8. Ne5
Be6 9. e3 Nbd7 10. Qe2 Nxe5 11. dxe5 Nd5 12. Ne4 Bxe5 13. Nc5 b5 14. Nxe6 fxe6
15. Rd1 Qe8 16. f4 Bd6 17. e4 Nb4 18. e5 Bc5+ 19. Kh1 Rd8 20. Bd2 Nd5 21. a4
Qd7 22. axb5 cxb5 23. Bh3 Qc6 24. Qf3 Rf7 25. Bc3 g5 26. Bd4 Bxd4 27. Rxd4 Kh8
28. Bg2 gxf4 29. gxf4 Rdf8 30. Rf1 Qc5 31. Qd1 Ne3 32. Qd2 Nxf1 33. Bxf1 Rg8
34. Bh3 Rfg7 0-1

[Event "Politiken Cup 2011"]
[Site "Helsingor"]
[Date "2011.07.30"]
[Round "1.113"]
[White "Krasenkova, Ilena"]
[Black "Jensen, Jonbert M S"]
[Result "1-0"]
[WhiteElo "2092"]
[BlackElo "1595"]
[PlyCount "85"]
[EventDate "2011.??.??"]
[BlackTeam "AS04"]

1. d4 Nf6 2. c4 g6 3. Nc3 Bg7 4. e4 d6 5. h3 O-O 6. Nf3 Nbd7 7. Bg5 c5 8. d5
Qb6 9. Qd2 Re8 10. Bd3 e5 11. g4 Nf8 12. Rb1 Rb8 13. Be3 a6 14. b4 Qc7 15. bxc5
dxc5 16. Bc2 Bd7 17. a4 a5 18. d6 Qc8 19. g5 Nh5 20. Nd5 Kh8 21. Ne7 Qd8 22.
Bxc5 b6 23. Be3 Ne6 24. Nd5 Nd4 25. Nxd4 exd4 26. Bxd4 Bxa4 27. Bxg7+ Nxg7 28.
Bxa4 Rxe4+ 29. Ne3 Qxg5 30. Bc2 Re5 31. d7 Ne6 32. Qc3 Nf4 33. Rb5 f6 34. Rxe5
Qxe5 35. Qxe5 fxe5 36. Ng4 Rd8 37. Nxe5 Kg7 38. Ba4 Kf6 39. Ng4+ Ke7 40. Kd2
Kd6 41. Re1 Ne6 42. Ne5 Ke7 43. Nc6+ 1-0

[Event "Politiken Cup 2011"]
[Site "Helsingor"]
[Date "2011.07.30"]
[Round "1.114"]
[White "Jacobsen, Caroline Beer"]
[Black "Hvenekilde, Jorgen"]
[Result "0-1"]
[WhiteElo "1586"]
[BlackElo "2089"]
[PlyCount "42"]
[EventDate "2011.??.??"]
[WhiteTeam "Stavanger"]
[BlackTeam "AS04"]

1. e4 e5 2. Nf3 d6 3. d4 exd4 4. Nxd4 g6 5. Bc4 Bg7 6. Be3 Nf6 7. Nc3 O-O 8.
Qd2 Re8 9. f3 Nbd7 10. O-O Ne5 11. Bb3 a6 12. Bh6 c5 13. Nde2 Bxh6 14. Qxh6 c4
15. Ba4 b5 16. Bxb5 axb5 17. Nxb5 Qb6+ 18. Kh1 Qxb5 19. Qg5 Kg7 20. f4 Nxe4 21.
fxe5 Nxg5 0-1

[Event "Politiken Cup 2011"]
[Site "Helsingor"]
[Date "2011.07.30"]
[Round "1.124"]
[White "Johansson, Anders 1973"]
[Black "Bremer, Erik"]
[Result "1-0"]
[WhiteElo "2089"]
[BlackElo "1578"]
[PlyCount "61"]
[EventDate "2011.??.??"]
[WhiteTeam "LASK"]
[BlackTeam "Blindes Skakklub"]

1. Nf3 d5 2. d4 Nf6 3. c4 Bf5 4. Nc3 c6 5. Qb3 Qb6 6. c5 Qc7 7. Bf4 Qc8 8. h3
h6 9. e3 Nbd7 10. Be2 Ne4 11. Ne5 Ndf6 12. f3 Ng5 13. g4 Be6 14. h4 Ngh7 15. h5
Nd7 16. Nd3 f6 17. e4 dxe4 18. Qxe6 exd3 19. Bxd3 Ng5 20. Bg6+ Kd8 21. Qe2 b6
22. Rd1 Qb7 23. O-O Nh3+ 24. Kh1 Nxf4 25. Qe4 Qc7 26. d5 Qe5 27. dxc6 Qxe4 28.
Bxe4 e5 29. Rxd7+ Kc8 30. Nb5 Bxc5 31. Rfd1 1-0

[Event "Politiken Cup 2011"]
[Site "Helsingor"]
[Date "2011.07.30"]
[Round "1.115"]
[White "Overas, Vegard"]
[Black "Jonsson, Lennart"]
[Result "0-1"]
[WhiteElo "1561"]
[BlackElo "2086"]
[PlyCount "80"]
[EventDate "2011.??.??"]
[BlackTeam "Malmö Allmanna Schackklubb"]

1. d4 f5 2. c4 Nf6 3. Nc3 e6 4. g3 d5 5. cxd5 exd5 6. Bg2 c6 7. Nf3 Bd6 8. O-O
O-O 9. Bg5 h6 10. Bd2 Qe7 11. Qc2 Ne4 12. e3 g5 13. Nxe4 fxe4 14. Ne1 Bf5 15.
Qb3 Na6 16. Nc2 Kh7 17. a3 Rab8 18. Nb4 Nc7 19. Rac1 g4 20. Na2 Ne6 21. Bb4 Ng5
22. Bxd6 Qxd6 23. Qb4 Qd7 24. Qc5 a6 25. Rc2 Nf3+ 26. Kh1 Qe6 27. Nb4 Rf7 28.
Qb6 Rc8 29. Rfc1 Rfc7 30. Rc5 Rd7 31. b3 Qf7 32. a4 Be6 33. R5c2 Qh5 34. Bxf3
gxf3 35. Na2 Bh3 36. Qb4 Bg2+ 37. Kg1 Qh3 38. Qe1 Rg7 39. Rc5 Rg5 40. Rxd5 cxd5
0-1

[Event "Politiken Cup 2011"]
[Site "Helsingor"]
[Date "2011.07.30"]
[Round "1.116"]
[White "Nielsen, Borge Hjerrild"]
[Black "Kristensen, Lars Østergaard"]
[Result "1-0"]
[WhiteElo "2083"]
[BlackElo "1544"]
[PlyCount "104"]
[EventDate "2011.??.??"]
[WhiteTeam "Hvidovre"]
[BlackTeam "Lyngby.Virum"]

1. d4 d5 2. c4 e6 3. Nc3 c5 4. cxd5 exd5 5. Nf3 Nc6 6. g3 Nf6 7. Bg2 Be7 8. O-O
O-O 9. e3 Bg4 10. h3 Bf5 11. b3 Re8 12. Bb2 Bf8 13. a3 Ne4 14. dxc5 Nxc3 15.
Bxc3 Bxc5 16. b4 Bf8 17. Qd2 Be4 18. Rfd1 h6 19. Qb2 Qc8 20. Kh2 Ne7 21. Rac1
Qf5 22. Nd4 Qg6 23. Qd2 Red8 24. Bb2 Rac8 25. Nb5 a6 26. Nc3 Bxg2 27. Kxg2 b5
28. Ne2 Qe4+ 29. Kg1 Rxc1 30. Rxc1 Qf5 31. Kg2 Ng6 32. Nd4 Qg5 33. Nf3 Qe7 34.
Kh2 Qe4 35. Qd1 Bd6 36. Bd4 Qe6 37. Kg2 Rc8 38. Bc5 Bf8 39. Nd4 Qe4+ 40. Qf3
Ne5 41. Qxe4 dxe4 42. Nb3 Nd3 43. Rc3 Rc6 44. f4 exf3+ 45. Kxf3 Ne5+ 46. Ke4
Nc4 47. Nd4 Rf6 48. Kd5 Bd6 49. e4 Nb6+ 50. Bxb6 Bxg3 51. Rxg3 Rxb6 52. Nc6 Kf8
1-0

[Event "Politiken Cup 2011"]
[Site "Helsingor"]
[Date "2011.07.30"]
[Round "1.117"]
[White "Hansen, Erik Friberg"]
[Black "Nielsen, Poul Erik"]
[Result "0-1"]
[WhiteElo "1539"]
[BlackElo "2083"]
[PlyCount "50"]
[EventDate "2011.??.??"]
[WhiteTeam "Ishøj"]
[BlackTeam "Holstebro"]

1. d4 Nf6 2. Nf3 d5 3. e3 g6 4. Bd3 Bg7 5. Nbd2 Nc6 6. c3 O-O 7. Qc2 Re8 8. O-O
e5 9. dxe5 Nxe5 10. Nxe5 Rxe5 11. Nf3 Re8 12. Re1 Bg4 13. Be2 Qd6 14. Nd4 Bd7
15. Bd2 c5 16. Nf3 Rac8 17. Rac1 a6 18. Qb1 Ne4 19. Rcd1 Bf5 20. Bd3 Qf6 21.
Rf1 c4 22. Bc2 Bg4 23. Qc1 Bxf3 24. gxf3 Qxf3 25. Rde1 Re5 0-1

[Event "Politiken Cup 2011"]
[Site "Helsingor"]
[Date "2011.07.30"]
[Round "1.118"]
[White "Schmied, Andreas"]
[Black "Meldal, Peter"]
[Result "1-0"]
[WhiteElo "2081"]
[BlackElo "1526"]
[PlyCount "47"]
[EventDate "2011.??.??"]
[BlackTeam "Taastrup"]

1. e4 e6 2. d4 d5 3. Nc3 Bb4 4. e5 c5 5. a3 cxd4 6. axb4 dxc3 7. bxc3 Nc6 8.
Nf3 Qc7 9. Bb5 Bd7 10. Bf4 h6 11. O-O Nge7 12. Re1 O-O 13. Bd3 a6 14. Qd2 Ng6
15. Bg3 Nce7 16. h4 Rac8 17. h5 Nh8 18. Ra3 Bc6 19. Nd4 Bd7 20. Bf4 Nc6 21. Nf3
Na7 22. Bxh6 Nb5 23. Qg5 g6 24. Qf6 1-0

[Event "Politiken Cup 2011"]
[Site "Helsingor"]
[Date "2011.07.30"]
[Round "1.119"]
[White "Kyrkjebo, Marte B"]
[Black "Zivkovic, Milenko"]
[Result "0-1"]
[WhiteElo "1522"]
[BlackElo "2079"]
[PlyCount "144"]
[EventDate "2011.??.??"]
[WhiteTeam "Stavenger"]
[BlackTeam "Perlen"]

1. e4 e5 2. Nf3 Nc6 3. Nc3 Nf6 4. a3 a6 5. d4 exd4 6. Nxd4 d6 7. Be2 Be7 8. O-O
O-O 9. Nxc6 bxc6 10. f4 Nd7 11. Be3 Bf6 12. Bd4 Bb7 13. Bf3 Bxd4+ 14. Qxd4 c5
15. Qd2 Re8 16. Rad1 f6 17. Nd5 a5 18. a4 Bc6 19. b3 Ra7 20. Rfe1 Kf8 21. Qc3
Qb8 22. e5 fxe5 23. Nf6 gxf6 24. Bxc6 Nb6 25. Bxe8 Qxe8 26. fxe5 fxe5 27. Rf1+
Ke7 28. Qf3 Nd7 29. Qf5 Qg6 30. Qxg6 hxg6 31. Rd3 e4 32. Rg3 Ne5 33. Re3 d5 34.
c4 c6 35. Rc1 Rc7 36. Kf2 Nd3+ 37. Rxd3 exd3 38. Rd1 d4 39. Rxd3 Ke6 40. Rg3
Rf7+ 41. Ke2 Re7 42. Kd3 Kf5 43. Rf3+ Ke5 44. Rg3 Kf6 45. Rf3+ Kg7 46. Rg3 Re5
47. Rf3 g5 48. Rg3 Kg6 49. Rf3 Rf5 50. Rg3 Rf4 51. Ke2 Re4+ 52. Kd3 Rh4 53. h3
Rf4 54. Ke2 Kf5 55. Rd3 Ke4 56. Rg3 Kf5 57. Rd3 g4 58. Rg3 gxh3 59. gxh3 Ke4
60. Rd3 Rf2+ 61. Kxf2 Kxd3 62. h4 Ke4 63. Kg3 Ke3 64. h5 d3 65. h6 d2 66. h7
d1=Q 67. h8=Q Qg1+ 68. Kh3 Qh1+ 69. Kg4 Qxh8 70. Kg3 Qg7+ 71. Kh4 Kf4 72. Kh3
Qg3# 0-1

[Event "Politiken Cup 2011"]
[Site "Helsingor"]
[Date "2011.07.30"]
[Round "1.120"]
[White "Andersen, Rune Egede"]
[Black "Kyrkjebo, Hanna B"]
[Result "1-0"]
[WhiteElo "2078"]
[BlackElo "1518"]
[PlyCount "71"]
[EventDate "2011.??.??"]
[WhiteTeam "Brønshøj"]
[BlackTeam "Stavanger"]

1. e4 e5 2. Nf3 Nc6 3. d4 exd4 4. Bc4 Nf6 5. O-O d6 6. Nxd4 Be7 7. Nc3 O-O 8.
Re1 Ne5 9. Bb3 Re8 10. a4 Bd7 11. Bf4 Bf8 12. Bg5 h6 13. Bh4 Be7 14. Bg3 c6 15.
f4 Ng6 16. h3 c5 17. Ndb5 Bc6 18. Qd3 a6 19. Na3 Nh5 20. e5 Ngxf4 21. Qf5 Nxg3
22. Qxf4 Bh4 23. Bxf7+ Kh8 24. Bxe8 Bxe8 25. exd6 Nh5 26. Rxe8+ Qxe8 27. Qxh4
Nf6 28. Re1 Qc6 29. Nc4 b5 30. Ne5 Qb6 31. Nf7+ Kg8 32. Nxh6+ Kf8 33. Nf5 Qb7
34. Re7 Qc8 35. Qh8+ Ng8 36. Qxg7# 1-0

[Event "Politiken Cup 2011"]
[Site "Helsingor"]
[Date "2011.07.30"]
[Round "1.122"]
[White "Halamus, Agata"]
[Black "Svane, Troels"]
[Result "1-0"]
[WhiteElo "2076"]
[BlackElo "1500"]
[PlyCount "55"]
[EventDate "2011.??.??"]
[WhiteTeam "AKS Mikolow"]
[BlackTeam "Lubecker Schachverein"]

1. e4 d6 2. d4 Nf6 3. Nc3 g6 4. Nf3 Bg7 5. Bc4 Nxe4 6. Nxe4 d5 7. Bb3 dxe4 8.
Ng5 O-O 9. c3 Bf5 10. Qe2 e5 11. d5 Bh6 12. Nxf7 Rxf7 13. Bxh6 Qd6 14. O-O Na6
15. Be3 b6 16. Qxa6 Rff8 17. Rac1 Kg7 18. Qe2 a5 19. a4 Bd7 20. Qd2 Rf5 21. Bc2
Rf6 22. Bxe4 Bxa4 23. f4 Raf8 24. fxe5 Rxf1+ 25. Rxf1 Rxf1+ 26. Kxf1 Bb5+ 27.
Kg1 Qxe5 28. Bd4 1-0

[Event "Politiken Cup 2011"]
[Site "Helsingor"]
[Date "2011.07.30"]
[Round "1.123"]
[White "Elzubeir, Omar"]
[Black "Taksrud, Vidar"]
[Result "0-1"]
[WhiteElo "1497"]
[BlackElo "2074"]
[PlyCount "56"]
[EventDate "2011.??.??"]
[WhiteTeam "Frederiksværk"]
[BlackTeam "Tempo Sjakk"]

1. d4 d5 2. c4 c6 3. Nf3 Nf6 4. Nc3 e6 5. e3 Nbd7 6. Bd3 Be7 7. O-O O-O 8. Qc2
Re8 9. c5 Qc7 10. Ng5 h6 11. Bh7+ Kf8 12. Nxf7 Nxh7 13. Nh8 Kg8 14. Ng6 Nhf6
15. Nxe7+ Rxe7 16. f4 Nf8 17. Rf3 Bd7 18. Bd2 Be8 19. Raf1 Bg6 20. f5 exf5 21.
Rxf5 Ng4 22. g3 Bxf5 23. Qxf5 Nxe3 24. Bxe3 Rxe3 25. Rf2 Rae8 26. Kg2 Qd7 27.
g4 Qxf5 28. Rxf5 Ne6 0-1

[Event "Politiken Cup 2011"]
[Site "Helsingor"]
[Date "2011.07.30"]
[Round "1.125"]
[White "Finnlaugsson, Gunnar"]
[Black "Edvardsson, Hannu K"]
[Result "1-0"]
[WhiteElo "2072"]
[BlackElo "1482"]
[PlyCount "63"]
[EventDate "2011.??.??"]
[WhiteTeam "LASK"]

1. e4 e5 2. Nf3 Nc6 3. Bb5 d6 4. O-O Nf6 5. Re1 Be7 6. h3 O-O 7. c3 Bd7 8. d4
exd4 9. cxd4 a6 10. Bd3 b5 11. a3 Rb8 12. Qe2 Na7 13. e5 dxe5 14. dxe5 Nd5 15.
Qe4 g6 16. Qxd5 c6 17. Qb3 c5 18. Qc2 c4 19. Be4 Bc6 20. Be3 Bxe4 21. Qxe4 Nc8
22. Nc3 Nb6 23. Rad1 Qc8 24. Bh6 Rd8 25. Nd4 Bf8 26. Bxf8 Kxf8 27. e6 Re8 28.
Qf4 Re7 29. Nc6 Qxc6 30. Qxb8+ Re8 31. e7+ Kg8 32. Rd8 1-0

[Event "Politiken Cup 2011"]
[Site "Helsingor"]
[Date "2011.07.30"]
[Round "1.126"]
[White "Hojgard, Brandur"]
[Black "Jensen, Morten Frank"]
[Result "0-1"]
[WhiteElo "1480"]
[BlackElo "2064"]
[PlyCount "62"]
[EventDate "2011.??.??"]
[WhiteTeam "TT Tofir"]
[BlackTeam "Præstø"]

1. d4 Nf6 2. Nf3 c5 3. d5 g6 4. c4 b5 5. b3 Bg7 6. Bb2 O-O 7. Qc2 bxc4 8. bxc4
d6 9. e4 a5 10. Bd3 Na6 11. a3 Rb8 12. Nbd2 Rxb2 13. Qxb2 Nxd5 14. Qc1 Nf4 15.
Bf1 Bxa1 16. Qxa1 Qb6 17. h4 Bd7 18. g3 Nh5 19. Bd3 Rb8 20. O-O Qb2 21. Qxb2
Rxb2 22. Rb1 Rxb1+ 23. Bxb1 Nb8 24. Kf1 Nc6 25. Ke2 Nf6 26. Bc2 Kg7 27. Nb3 Bg4
28. Bd1 Nxe4 29. Ke3 f5 30. Bc2 Bxf3 31. Kxf3 Ne5+ 0-1